000 00666nam a2200289Ia 4500
005 20260324140218.0
008 008 260324s9999 xx 000 0 eng d
020 _a9781351310963
037 _aEBOOK
040 _aCRL
040 _beng
040 _cCRL
041 _2eng
041 _aeng
084 _qCRL
100 _aJohn McCormick
_91175646
245 0 _aFiction as Knowledge
245 0 _bModern Post-romantic Novel
260 _bTaylor and Francis
260 _c1999
365 _a
365 _b145
856 _uhttp://www.taylorfrancis.com/books/9781351310963
942 _cEBOOK
999 _c1805383
_d1805383